Believe in miracles but trust in Jesus / (Record no. 1541)

MARC details
000 -LEADER
fixed length control field 00991cam a2200289 a 4500
001 - CONTROL NUMBER
control field 2580147
003 - CONTROL NUMBER IDENTIFIER
control field GBCCL
005 - DATE AND TIME OF LATEST TRANSACTION
control field 20241126110403.0
008 - FIXED-LENGTH DATA ELEMENTS--GENERAL INFORMATION
fixed length control field 961202s1997 ilu b 000 0 eng
010 ## -
-- 96029651
020 ## - INTERNATIONAL STANDARD BOOK NUMBER
International Standard Book Number 151340761
040 ## - CATALOGING SOURCE
Original cataloging agency DLC
Transcribing agency DLC
Modifying agency DLC
050 00 -
-- BT97.2
-- .R62 1997
082 00 - DEWEY DECIMAL CLASSIFICATION NUMBER
Classification number 226.706
Edition information 21
Item number ROG
100 1# - MAIN ENTRY--PERSONAL NAME
Personal name Rogers, Adrian.
9 (RLIN) 3102
245 10 - TITLE STATEMENT
Title Believe in miracles but trust in Jesus /
Statement of responsibility, etc. Adrian Rogers.
260 ## - PUBLICATION, DISTRIBUTION, ETC.
Place of publication, distribution, etc. Wheaton, Ill. :
Name of publisher, distributor, etc. Crossway Books,
Date of publication, distribution, etc. c1997.
300 ## - PHYSICAL DESCRIPTION
Extent 203, [2] p. ;
Dimensions 24 cm.
504 ## - BIBLIOGRAPHY, ETC. NOTE
Bibliography, etc. note Includes bibliographical references (p. [205]).
600 00 - SUBJECT ADDED ENTRY--PERSONAL NAME
Personal name Jesus Christ
General subdivision Miracles.
9 (RLIN) 3103
630 00 - SUBJECT ADDED ENTRY--UNIFORM TITLE
Uniform title Bible.
Name of part/section of a work John
General subdivision Criticism, interpretation, etc.
9 (RLIN) 1842
650 #0 - SUBJECT ADDED ENTRY--TOPICAL TERM
Topical term or geographic name entry element Miracles.
9 (RLIN) 3104
650 #0 - SUBJECT ADDED ENTRY--TOPICAL TERM
Topical term or geographic name entry element Christian life
General subdivision Baptist authors.
9 (RLIN) 223
906 ## - LOCAL DATA ELEMENT F, LDF (RLIN)
a 7
b cbc
c orignew
d 1
e ocip
f 19
g y-gencatlg
942 ## - ADDED ENTRY ELEMENTS (KOHA)
Source of classification or shelving scheme Dewey Decimal Classification
Koha item type Books
Koha issues (borrowed), all copies 3
Holdings
Withdrawn status Lost status Source of classification or shelving scheme Damaged status Not for loan Home library Current Library Shelving location Date acquired Total checkouts Total renewals Full call number Barcode Date last seen Date last checked out Copy number Price effective from Koha item type
    Dewey Decimal Classification     GRACE BIBLE COLLEGE GRACE BIBLE COLLEGE Biblical Studies 2017-05-04 5 1 226.706 ROG 006857 2025-07-11 2025-07-03 c.1 2017-05-04 Books
© Grace Bible College Library 2025